Statistics for Spanish Clothing Vocabulary Quiz

Click here to take the quiz!

General Stats

  • This quiz has been taken 13,517 times
    (13,513 since last reset)
  • The average score is 20 of 34

Answer Stats

Español English % Correct
zapatosshoes
97%
camisashirt
94%
pantalonespants
94%
uniformeuniform
93%
botasboots
87%
blusablouse
86%
vestidodress
86%
sandaliasandal
84%
suétersweater
80%
ropaclothing
76%
corbatatie
71%
calcetinessocks
69%
elegante elegant
69%
relojwatch
68%
cinturónbelt
67%
ropa interiorunderwear
65%
trajesuit
63%
minifaldaminiskirt
62%
bufandascarf
51%
guantesgloves
50%
orogold
50%
largolong
47%
botónbutton
45%
maquillajemake-up
43%
paraguasumbrella
39%
anilloring
37%
joyeríajewelry
36%
cómodocomfortable
35%
algodóncotton
34%
lanawool
31%
bolsillopocket
26%
mangasleeve
23%
cueroleather
22%
zapatillaslipper
21%

Score Distribution

Percentile by Number Answered

Percent of People with Each Score

Your Score History

You have not taken this quiz since the last reset